1426 1846 1895 1074 1786 1382 1315 1266 1289 1327 1565 1129 1728 1332 1734 1139 1793 1909 1881 1779 1415 1963 1675 1073 1025 1866 1591 1701 1545 1253 1286 1438 1377 1765 1329 1925 1705 1475 1116 1344 1948 1734 1204 1856 1467 1027 1501 1831 1812 1135 1140 1887 1948 1223 1909 1206 1777 1394 1373 1730 1359 1594 1222 1738 1021 1176 1934 1005 1423 1945 1797 1188 1090 1554 1832 1304 1041 1050 1323 1299 1662 1506 1538 1476 1741 1293 1571 1110 1063 1124 1949 1086 1327 1255 1926 1995 1029 1183 1011 BCNSPRNW ULIB Ver.6.0+V

เปลี่ยนเป็นภาษาไทย

Change to English
 แสดงรายละเอียดบรรณานุกรม
  กลับหน้าหลัก

Brief Record : Get Marc (ISO 2709) : E-mail record : QR code < ปิดหน้าต่าง
LEADER : 00000nam 2200000uu 4500
001    13399126795
003     ULIB
008    190306s2561||||th 000 0 tha d
020    ^a9786168145111
050    ^aนว^bพ576ด
100    ^aพันธุ์พเยีย
245    ^aดาราพราวแสง ซีรีส์ชุดสี่ดรุณี/^cพันธุ์พเยีย
260    ^aกรุงเทพฯ :^bบางรักษ์,^c2561
300    ^a432 หน้า;^b26 ซม.
650    ^aนวนิยาย
945    ^p340^l0^i27290
999    ^aกัณชพร จุลอักษร
รายการนี้ยังไม่มีแท็ก
คุณยังไม่ได้ล็อกอิน คุณสามารถมีกิจกรรมร่วมกับเว็บไซต์ได้ แต่ต้องล็อกอินก่อน ::
  ล็อกอิน

รายการสื่อสารสนเทศ

ลำดับที่ ประเภท เลขเรียก/บาร์โค้ด สถานที่ สถานะ
1. วิทยาศาสตร์การแพทย์ และสุขภาพ
วิทยาศาสตร์การแพทย์ และสุขภาพ
นว พ576ด ฉ.1 
  Barcode: 27290
ห้องสมุดวิทยาเขตสวรรค์ประชารักษ์
►นวนิยาย
บนชั้น
  ขอยืม

รายการใกล้เคียง
    ผู้แต่ง [พันธุ์พเยีย]

    หัวเรื่อง [นวนิยาย]

BibComment


ยังไม่เคยถูกคอมเมนท์

คอมเมนท์ทรัพยากรรายการนี้
  คอมเมนท์: ดาราพราวแสง ซีรี..


 Copyright 2026. Bcnsprnw @Library